MARC

Tag First Indicator Second Indicator Subfields
LEADER 00000cam a2200000 i 4500
001 in00000190521
005 20240426174149.0
007 t
008 800403s1978 enk b 001 0beng
010 |a  80465328  
015 |a GB7903312  |2 bnb 
015 |a B7903312 
016 |a (AMICUS)000001461995 
016 7 |a 071-31614  |2 Uk 
016 7 |a 007407055  |2 Uk 
019 |a 4717083  |a 4904231  |a 948743951  |a 1167013209  |a 1200077393  |a 1204578937  |a 1251400923  |a 1420961965 
020 |a 0713161418 
020 |a 9780713161410 
020 |a 071316462X 
020 |a 9780713164626 
024 0 0 |a 9084600  |d 1107810  |c +UKX 
029 1 |a AU@  |b 000001704690 
029 1 |a AU@  |b 000023848577 
029 1 |a AU@  |b 000027530463 
029 1 |a AU@  |b 000057991806 
029 1 |a DEBBG  |b BV008050102 
029 1 |a DEBSZ  |b 007733305 
029 1 |a GBVCP  |b 023210117 
029 1 |a HEBIS  |b 030548667 
029 1 |a NLC  |b 000001461995 
029 1 |a NZ1  |b 109543 
029 1 |a NZ1  |b 2943610 
029 1 |a UKBRU  |b 0232692 
029 1 |a UKMGB  |b 007407055 
035 |a (OCoLC)ocm06250622  
035 |a (OCoLC)6250622  |z (OCoLC)4717083  |z (OCoLC)4904231  |z (OCoLC)948743951  |z (OCoLC)1167013209  |z (OCoLC)1200077393  |z (OCoLC)1204578937  |z (OCoLC)1251400923  |z (OCoLC)1420961965 
035 |a (OCoLC)ocm06250622  
040 |a DLC  |b eng  |c DLC  |d NLGGC  |d BTCTA  |d OCLCG  |d NLE  |d DEBBG  |d DEBSZ  |d GBVCP  |d OCLCO  |d MEAUC  |d OCLCQ  |d OCLCF  |d OCLCO  |d OCL  |d OCLCO  |d OCL  |d YDXCP  |d LTU  |d UEJ  |d WLU  |d NLC  |d OCLCO  |d DHA  |d OCLCQ  |d CEF  |d OCLCO  |d AU@  |d OCLCA  |d OCLCQ  |d OCLCA  |d OCLCQ  |d OCLCO  |d UKBTH  |d OCL  |d LUN  |d UKEHC  |d IL4J6  |d OCLCA  |d OCLCO  |d PCP  |d UKMGB  |d OCLCO  |d OCLCA  |d NCM  |d OCLCO  |d OCLCL  |d OCLCQ 
043 |a e-gx--- 
050 0 0 |a DD247.H5  |b C325 1978 
055 1 |a DD247.H5C3 
060 4 |a DD 247 H5 C312h 
080 |a 943.085/.086 
080 0 |a 943.086:920HIT 
080 0 |a 920HIT:943.086 
082 0 0 |a 943.086/092/4  |2 18 
082 1 4 |a B 
083 0 |a Germany. Hitler, Adolf 
084 |a NQ 1800  |2 rvk 
086 1 |a GB79-03312 
100 1 |a Carr, William,  |d 1921-1991.  |1 https://id.oclc.org/worldcat/entity/E39PBJth9GJvFJwM8C9Hgq3JDq 
245 1 0 |a Hitler :  |b a study in personality and politics /  |c William Carr. 
260 |a London :  |b Edward Arnold,  |c 1978. 
300 |a x, 200 pages ;  |c 24 cm 
336 |a text  |b txt  |2 rdacontent 
337 |a unmediated  |b n  |2 rdamedia 
338 |a volume  |b nc  |2 rdacarrier 
504 |a Includes bibliographical references (pages 182-189) and index. 
540 |a British Library not licensed to copy  |c 0.  |5 Uk 
600 1 0 |a Hitler, Adolf,  |d 1889-1945. 
650 0 |a Heads of state  |z Germany  |v Biography. 
651 0 |a Germany  |x History  |y 1933-1945. 
650 0 |a Heads of state  |z Germany  |x Biography. 
600 1 6 |a Hitler, Adolf,  |d 1889-1945. 
650 6 |a Chefs d'État  |z Allemagne  |x Biographies. 
651 6 |a Allemagne  |x Histoire  |y 1933-1945. 
650 6 |a Chefs d'État  |z Allemagne  |v Biographies. 
600 1 7 |a Hitler, Adolf,  |d 1889-1945  |2 fast  |1 https://id.oclc.org/worldcat/entity/E39PBJwXd9HYyHB9fPphHrQrMP 
650 7 |a Heads of state  |2 fast 
651 7 |a Germany  |2 fast  |1 https://id.oclc.org/worldcat/entity/E39PBJtCD3rcKcPDx6FHmjvrbd 
600 1 7 |a Hitler, Adolf  |d 1889-1945  |2 gnd 
600 1 7 |a Hitler, Adolf,  |d 1889-1945.  |2 nli 
651 7 |a Germany  |x Politics and government  |y 1933-1945.  |2 nli 
648 7 |a 1933-1945  |2 fast 
653 |a Germany  |a Hitler, Adolf 
655 2 |a Biography 
655 4 |a Biographie. 
655 7 |a History  |2 fast 
655 7 |a Biographies  |2 fast 
655 7 |a Biographies.  |2 lcgft 
655 7 |a Biographies.  |2 rvmgf 
758 |i has work:  |a Hitler (Work)  |1 https://id.oclc.org/worldcat/entity/E39PCGMKbMrrJCFkBpbQf8q8Fq  |4 https://id.oclc.org/worldcat/ontology/hasWork 
776 0 8 |i Online version:  |a Carr, William, 1921-1991.  |t Hitler.  |d London : Edward Arnold, 1978  |w (OCoLC)561583732 
856 4 1 |3 Table of contents  |q text/html  |u http://swbplus.bsz-bw.de/bsz007733305inh.htm  |t 0 
856 4 1 |3 Table of contents  |q application/pdf  |u http://digitool.hbz-nrw.de:1801/webclient/DeliveryManager?pid=3002177  |t 0 
856 4 1 |3 Table of contents  |u http://digitool.hbz-nrw.de:1801/webclient/DeliveryManager?pid=3002178&custom_att_2=simple_viewer  |t 0 
938 |a Baker and Taylor  |b BTCP  |n 80465328  |c £8.95 
938 |a YBP Library Services  |b YANK  |n 11883909 
948 |h HELD BY TXA - 291 OTHER HOLDINGS 
994 |a Z0  |b TXA 
999 f f |s 64975689-787f-34c3-9149-c443d1075482  |i d9367ed4-df20-34ae-87d7-1a2a4bb85b3a  |t 0 
952 f f |p ric  |a Texas A&M University  |b Rellis Campus  |c Joint Library Facility  |d Remote Storage  |t 0  |e DD247.H5 C32155 1978  |h Library of Congress classification  |i unmediated -- volume  |m A14822180310 
998 f f |a DD247.H5 C32155 1978  |t 0  |l Remote Storage